000 00773cam a2200205 4500
008 030922n2003 000 0 eng u
020 _a1843340453
035 _a(Sirsi) u123675
041 _aeng
050 _a016.34
_c18
100 _aPester, David
245 _aFinding legal information
_ba guide to print and electronic sources
260 _aOxford
_bChandos
_c2003
300 _axxiii, 283p.
_c24cm.
350 _a39
520 _aThis text provides a practical, general guide to legal information sources, both electronic and print based, concentrating mainly on British and European law. Includes important legal developments such as civil procedure reform, devolution and human rights law.
650 _aLEGAL RESOURCES
690 _aUK LAW
942 _n0
999 _c103088
_d103088